Bosquejo de un plan general de instrucción pública, lo propone al Gobierno, y lo da a luz, a favor de los establecimientos literarios de España / (Record no. 22467)
[ view plain ]
| 000 -LEADER | |
|---|---|
| campo de control de longitud fija | 00922nam a2200205 i 4500 |
| 001 - NÚMERO DE CONTROL | |
| campo de control | 22467 |
| 003 - IDENTIFICADOR DE NÚMERO DE CONTROL | |
| campo de control | ES-MaACL |
| 005 - FECHA Y HORA DE LA ÚLTIMA TRANSACCIÓN | |
| campo de control | 20250718042044.0 |
| 007 - CAMPO FIJO DE DESCRIPCIÓN FÍSICA--INFORMACIÓN GENERAL | |
| campo de control de longitud fija | t| |
| 008 - DATOS DE LONGITUD FIJA--INFORMACIÓN GENERAL | |
| campo de control de longitud fija | 021203s1841 sp |||| | spa d |
| 100 1# - ENTRADA PRINCIPAL--NOMBRE DE PERSONA | |
| Nombre de persona | Alió, José Ignacio. |
| 9 (RLIN) | 19939 |
| 245 10 - MENCIÓN DEL TÍTULO | |
| Título | Bosquejo de un plan general de instrucción pública, lo propone al Gobierno, y lo da a luz, a favor de los establecimientos literarios de España / |
| Mención de responsabilidad, etc. | José Ignacio Alió. |
| 260 ## - PUBLICACIÓN, DISTRIBUCIÓN, ETC. | |
| Lugar de publicación, distribución, etc. | Cervera : |
| Nombre del editor, distribuidor, etc. | [s.n.], |
| Fecha de publicación, distribución, etc. | 1841 ( |
| Fabricante | Imp. de la Universidad, por Francisco Beleta) |
| 300 ## - DESCRIPCIÓN FÍSICA | |
| Extensión | 32 p., [1] h. pleg. ; |
| Dimensiones | 18 cm. |
| 650 #4 - PUNTO DE ACCESO ADICIONAL DE MATERIA--TÉRMINO DE MATERIA | |
| Término de materia o nombre geográfico como elemento de entrada | Enseñanza- |
| Subdivisión geográfica | España- |
| Subdivisión cronológica | S.XIX |
| 9 (RLIN) | 12286 |
| 650 #4 - PUNTO DE ACCESO ADICIONAL DE MATERIA--TÉRMINO DE MATERIA | |
| Término de materia o nombre geográfico como elemento de entrada | Enseñanza pública- |
| Subdivisión geográfica | España. |
| 9 (RLIN) | 12311 |
| 852 4# - LOCALIZACIÓN | |
| Ubicación | ES-MaACL |
| Número de control de estantería | T-20-F-8 |
| Nota libre | - Enc. hol., falto de cub. original |
| -- | - Enc. en un vol. facticio |
| 852 4# - LOCALIZACIÓN | |
| Ubicación | ES-MaACL |
| Número de control de estantería | T-20-F-18 |
| Nota libre | - Enc. hol., falto de cub. original |
| -- | - Enc. en un vol. facticio |
| Estatus retirado | Estado de pérdida | Estado de daño | No para préstamo | Colección | Biblioteca de origen | Biblioteca actual | Ubicación en estantería | Fecha de adquisición | Fuente de adquisición | Total de préstamos | Signatura topográfica completa | Código de barras | Visto por última vez | Precio de reemplazo | Tipo de ítem Koha |
|---|---|---|---|---|---|---|---|---|---|---|---|---|---|---|---|
| Colección de folletos | Biblioteca del Ateneo de Madrid | Biblioteca del Ateneo de Madrid | Depósito folletos | 30/08/2017 | T-20-F-18 | 1197965 | 23/02/2023 | 23/02/2023 | Folleto | ||||||
| Colección de folletos | Biblioteca del Ateneo de Madrid | Biblioteca del Ateneo de Madrid | Depósito folletos | 17/01/2008 | T-20-F-8 | 1023127 | 23/02/2023 | 23/02/2023 | Folleto |
